000 01548cam a2200397 a 4500
001 15903677
003 FISKH
005 20251126132511.0
008 090911s2010 nyu c b 000 1 eng
010 _a 2009032700
020 _a9780545104876 (hardcover : alk. paper)
040 _aDLC
_cDLC
_dDLC
042 _alcac
043 _an-us-ma
050 0 0 _aPZ7
_b.W8606 Ge 2010
082 0 0 _a813.6
100 1 _aWoodruff, Elvira.
245 1 0 _aGeorge Washington's spy /
_cElvira Woodruff.
250 _a1st ed.
260 _aNew York :
_bScholastic Press,
_c2012.
300 _a229 p.
_c20 cm.
500 _aSequel to: George Washington's socks!
504 _aIncludes bibliographical references.
520 _aTen-year-old Matt and six other children travel to 1776 Boston, living out American history as they meet Benjamin Franklin, learn about colonial medicine, and become part of a rebel spy ring.
521 _a710
_bLexile
521 _a R
_bRaz-Paz
600 1 0 _aFranklin, Benjamin,
_d1706-1790
_vJuvenile fiction.
600 1 1 _aFranklin, Benjamin,
_d1706-1790
_vFiction.
650 1 _aSpies
_vFiction.
650 1 _aSpace and time
_vFiction.
651 0 _aBoston (Mass.)
_xHistory
_yRevolution, 1775-1783
_vJuvenile fiction.
651 1 _aBoston (Mass.)
_xHistory
_yRevolution, 1775-1783
_vFiction.
906 _a7
_bcbc
_corignew
_d1
_eecip
_f20
_gy-gencatlg
942 _2lcc
_cBK
_n0
999 _c3
_d3